[Event "TUR-chT 2nd League"]
[Site "Denizli"]
[Date "2023.07.09"]
[Round "1.161"]
[White "Kavacik, Ahmet"]
[Black "Kartal, Koray"]
[Result "1/2-1/2"]
[WhiteElo "1747"]
[BlackElo "1962"]
[PlyCount "61"]
[EventDate "2023.07.09"]
[EventType "team-swiss"]
[EventRounds "9"]
[EventCountry "TUR"]
[SourceTitle "CBM 215 Extra"]
[Source "ChessBase"]
[SourceDate "2023.09.30"]
[SourceVersion "1"]
[SourceVersionDate "2023.09.30"]
[SourceQuality "1"]
[WhiteTeam "Marmara Universitesi"]
[BlackTeam "Ortaca Belediye"]
[WhiteTeamCountry "TUR"]
[BlackTeamCountry "TUR"]

1. e4 e5 2. Nf3 Nc6 3. Bc4 Bc5 4. d3 d6 5. c3 Nf6 6. 0-0 a6 7. Bb3 0-0 8. Nbd2 Ba7 9. h3 Ne7 10. Re1 Ng6 11. Nf1 h6 12. Ng3 Re8 13. d4 c6 14. Nf5 exd4 15. N3xd4 Nxe4 16. Bxh6 gxh6 17. Nxh6+ Kh7 18. Nxf7 Qh4 19. Rxe4 Rxe4 20. g3 Qe7 21. Qh5+ Kg7 22. Qh6+ Kf6 23. h4 Re1+ 24. Rxe1 Qxe1+ 25. Kg2 Bxd4 26. cxd4 Qe4+ 27. Kh2 Qf3 28. Qg5+ Kg7 29. Qh6+ Kf6 30. Qg5+ Kg7 31. Qh6+ 1/2-1/2

[Event "TUR-chT 2nd League"]
[Site "Konya"]
[Date "2022.08.28"]
[Round "9.5"]
[White "Eynullayev, Atilla Elshan"]
[Black "Kartal, Koray"]
[Result "1-0"]
[WhiteElo "2328"]
[BlackElo "1982"]
[PlyCount "83"]
[EventDate "2022.08.22"]
[EventType "team-swiss"]
[EventRounds "9"]
[EventCountry "TUR"]
[SourceTitle "CBM 210 Extra"]
[Source "ChessBase"]
[SourceDate "2022.11.30"]
[SourceVersion "1"]
[SourceVersionDate "2022.11.30"]
[SourceQuality "1"]
[WhiteTeam "Gaziantep Sader"]
[BlackTeam "Ortaca Belediye"]
[WhiteTeamCountry "TUR"]
[BlackTeamCountry "TUR"]

1. d4 Nf6 2. c4 e6 3. Nc3 Bb4 4. e3 c5 5. Nge2 0-0 6. a3 Bxc3+ 7. Nxc3 cxd4 8. exd4 d5 9. c5 Nc6 10. Bb5 Ne4 11. 0-0 Qf6 12. Be3 Nxc3 13. bxc3 e5 14. dxe5 Qxe5 15. Qd2 Be6 16. f4 Qh5 17. h3 f5 18. Rae1 Qf7 19. Rf3 Ne7 20. Bd4 Ng6 21. h4 Bd7 22. Bxd7 Qxd7 23. h5 Ne7 24. Rg3 Rf7 25. h6 g6 26. Rge3 Nc6 27. Qe2 Nxd4 28. cxd4 Qa4 29. Re8+ Rxe8 30. Qxe8+ Qxe8 31. Rxe8+ Rf8 32. Re5 Rf7 33. Rxd5 Re7 34. Re5 Rxe5 35. fxe5 Kf7 36. d5 Ke7 37. Kf2 b5 38. c6 a5 39. c7 Kd7 40. d6 b4 41. e6+ Kc8 42. e7 1-0

[Event "TUR-chT 2nd League"]
[Site "Konya"]
[Date "2022.08.24"]
[Round "4.4"]
[White "Yaran, Siar"]
[Black "Kartal, Koray"]
[Result "1-0"]
[WhiteElo "2285"]
[BlackElo "1982"]
[PlyCount "107"]
[EventDate "2022.08.22"]
[EventType "team-swiss"]
[EventRounds "9"]
[EventCountry "TUR"]
[SourceTitle "CBM 210 Extra"]
[Source "ChessBase"]
[SourceDate "2022.11.30"]
[SourceVersion "1"]
[SourceVersionDate "2022.11.30"]
[SourceQuality "1"]
[WhiteTeam "Sakarya Satranc"]
[BlackTeam "Ortaca Belediye"]
[WhiteTeamCountry "TUR"]
[BlackTeamCountry "TUR"]

1. c4 Nf6 2. Nc3 e6 3. e4 d5 4. cxd5 exd5 5. e5 d4 6. exf6 dxc3 7. Bb5+ c6 8. Qe2+ Be6 9. Bc4 Qxf6 10. dxc3 Be7 11. Bxe6 Qxe6 12. Qxe6 fxe6 13. Nf3 Bf6 14. Be3 Nd7 15. 0-0-0 Nb6 16. Rhe1 0-0 17. Kc2 Rae8 18. Bc5 Rf7 19. Re4 Nd5 20. Rde1 b6 21. Ba3 Nc7 22. Bd6 Nb5 23. Bg3 Nc7 24. Bxc7 Rxc7 25. Rxe6 Rxe6 26. Rxe6 Kf7 27. Re4 Rd7 28. Ne1 Rd5 29. Nd3 Rd7 30. Kd2 Rd5 31. Ke2 Ra5 32. a3 Rd5 33. f4 g6 34. g4 h5 35. g5 Bg7 36. Nb4 Rd6 37. Nc2 Bf8 38. Ne3 Re6 39. Rxe6 Kxe6 40. Kf3 Bd6 41. Ke4 b5 42. h3 Be7 43. Nc2 c5 44. c4 a6 45. b3 Bd8 46. a4 bxa4 47. bxa4 Ba5 48. Ne3 Bd8 49. Ng2 Ba5 50. Nh4 Kf7 51. Nf3 Bb4 52. Ne5+ Kg7 53. Nd3 Ba3 54. Kd5 1-0

[Event "TUR-chT 2nd League"]
[Site "Konya"]
[Date "2019.07.28"]
[Round "9.4"]
[White "Isik, Alparslan"]
[Black "Kartal, Koray"]
[Result "1-0"]
[WhiteElo "2293"]
[BlackElo "2002"]
[PlyCount "144"]
[EventDate "2019.07.22"]
[EventType "team-swiss"]
[EventRounds "9"]
[EventCountry "TUR"]
[SourceTitle "CBM 191 Extra"]
[Source "ChessBase"]
[SourceDate "2019.09.30"]
[SourceVersion "1"]
[SourceVersionDate "2019.09.30"]
[SourceQuality "1"]
[WhiteTeam "Apaydin Satranc Spor"]
[BlackTeam "Mugla Ortaca Belediye"]
[WhiteTeamCountry "TUR"]
[BlackTeamCountry "TUR"]

1. Nf3 Nf6 2. c4 e6 3. g3 d5 4. d4 Be7 5. Bg2 0-0 6. 0-0 dxc4 7. Qc2 a6 8. a4 Bd7 9. Rd1 Bc6 10. Nc3 Bxf3 11. Bxf3 c6 12. a5 Bb4 13. Qa4 Qe7 14. e4 Rd8 15. Bg5 h6 16. Bxf6 gxf6 17. d5 Nd7 18. Na2 Bd6 19. Qxc4 Ne5 20. Qe2 Bc7 21. Nc3 Nxf3+ 22. Qxf3 Be5 23. Rd2 Bxc3 24. bxc3 cxd5 25. exd5 Rxd5 26. Rxd5 exd5 27. Qxd5 Rd8 28. Qh5 Qe5 29. Qxh6 Qxc3 30. Rc1 Qf3 31. h4 Rd1+ 32. Rxd1 Qxd1+ 33. Kh2 Qe1 34. Qxf6 Qxa5 35. g4 Qc7+ 36. Kh3 Qc6 37. Qg5+ Kf8 38. Qd8+ Kg7 39. Qg5+ Kf8 40. Kh2 Qd6+ 41. Kg2 Qc6+ 42. f3 Qc2+ 43. Kg3 Qd1 44. Qe3 Qd6+ 45. Kh3 Qe6 46. Qc5+ Qe7 47. Qc3 f6 48. f4 Kf7 49. h5 Qe4 50. Kg3 b5 51. g5 fxg5 52. fxg5 b4 53. g6+ Kg8 54. Qb3+ Kg7 55. Qf7+ Kh6 56. Kf2 Qd4+ 57. Kf3 Qd3+ 58. Kf4 Qd4+ 59. Kf5 Qd3+ 60. Ke6 Qe4+ 61. Kd7 Qb7+ 62. Kd8 Qb8+ 63. Ke7 Qc7+ 64. Ke6 Qc6+ 65. Ke5 Qc5+ 66. Ke4 Qc2+ 67. Kd5 Qb3+ 68. Kd6 Qd3+ 69. Kc7 Qc2+ 70. Kb6 b3 71. Qf8+ Kxh5 72. g7 b2 1-0

[Event "NATO-ch 24th"]
[Site "Rynia"]
[Date "2013.08.14"]
[Round "4"]
[White "Tucker, David Sidney"]
[Black "Kartal, Koray"]
[Result "1/2-1/2"]
[WhiteElo "2069"]
[BlackElo "1997"]
[PlyCount "67"]
[EventDate "2013.08.12"]
[EventType "swiss"]
[EventRounds "7"]
[EventCountry "POL"]
[SourceTitle "CBM 156 Extra"]
[Source "ChessBase"]
[SourceDate "2013.10.22"]
[SourceVersion "1"]
[SourceVersionDate "2013.10.22"]
[SourceQuality "1"]

1. e4 e5 2. Nf3 Nc6 3. Bb5 a6 4. Ba4 Nf6 5. 0-0 Be7 6. Re1 b5 7. Bb3 d6 8. c3 0-0 9. a3 Na5 10. Bc2 c5 11. d4 Qc7 12. b4 cxb4 13. cxb4 Nc4 14. Nbd2 Bg4 15. Nxc4 Qxc4 16. Bb3 Bxf3 17. gxf3 Qc8 18. Kg2 Nh5 19. Be3 Kh8 20. Rc1 Qe8 21. dxe5 dxe5 22. Rc7 Rd8 23. Qc2 Bd6 24. Rc6 Nf4+ 25. Bxf4 exf4 26. Rd1 Be5 27. Rxd8 Qxd8 28. Bxf7 Qg5+ 29. Kf1 g6 30. Be6 Rd8 31. Bd5 Qh5 32. Ke2 Qxh2 33. Rc8 Qh4 34. Qc5 1/2-1/2

[Event "NATO-ch 24th"]
[Site "Rynia"]
[Date "2013.08.13"]
[Round "2"]
[White "Rosenkilde, Alexander"]
[Black "Kartal, Koray"]
[Result "1/2-1/2"]
[WhiteElo "2262"]
[BlackElo "1997"]
[PlyCount "81"]
[EventDate "2013.08.12"]
[EventType "swiss"]
[EventRounds "7"]
[EventCountry "POL"]
[SourceTitle "CBM 156 Extra"]
[Source "ChessBase"]
[SourceDate "2013.10.22"]
[SourceVersion "1"]
[SourceVersionDate "2013.10.22"]
[SourceQuality "1"]

1. d4 Nf6 2. c4 e6 3. g3 d5 4. Nf3 Be7 5. Bg2 0-0 6. 0-0 dxc4 7. Qc2 a6 8. a4 Bd7 9. Qxc4 Bc6 10. Nc3 Nbd7 11. Rd1 Nb6 12. Qd3 Qe8 13. a5 Nbd5 14. Bg5 h6 15. Bxf6 Nxf6 16. e4 Bb4 17. Ne5 Bb5 18. Qc2 c6 19. Nxb5 cxb5 20. Nd3 Rc8 21. Qb3 Be7 22. e5 Nd5 23. Bxd5 exd5 24. Qxd5 Qc6 25. Qxc6 bxc6 26. Nc5 Rfd8 27. b4 Ra8 28. Kf1 Rd5 29. Ke2 Bxc5 30. bxc5 Rad8 31. Ke3 h5 32. f4 g6 33. Rd3 Kf8 34. f5 g5 35. g4 h4 36. Rb1 f6 37. e6 Ke7 38. Rb2 Rb8 39. Kd2 Rbd8 40. Kc3 Rb8 41. Rb4 1/2-1/2

[Event "TUR-ch"]
[Site "Kemer"]
[Date "2012.01.31"]
[Round "4"]
[White "Kartal, Koray"]
[Black "Akoglu, Huseyin Okan"]
[Result "0-1"]
[WhiteElo "2000"]
[BlackElo "1382"]
[PlyCount "124"]
[EventDate "2012.01.29"]
[EventType "swiss"]
[EventRounds "10"]
[EventCountry "TUR"]
[SourceTitle "CBM 146 Extra"]
[Source "ChessBase"]
[SourceDate "2012.02.29"]
[SourceVersion "1"]
[SourceVersionDate "2012.02.29"]
[SourceQuality "1"]

1. d4 d5 2. c4 e6 3. Nc3 Nf6 4. Bg5 Be7 5. e3 0-0 6. cxd5 Nxd5 7. Bxe7 Qxe7 8. Nf3 b6 9. Bd3 Bb7 10. 0-0 Nd7 11. Rc1 c5 12. Bb1 cxd4 13. Qxd4 Nxc3 14. Rxc3 Bxf3 15. gxf3 Nf6 16. e4 Nh5 17. e5 g6 18. Qg4 Rfd8 19. Rfc1 Rd7 20. Be4 Rad8 21. a3 Rd1+ 22. Kg2 Rxc1 23. Rxc1 Rd2 24. b4 Rd4 25. h4 Qd7 26. Qg5 Kg7 27. Qe3 Qd8 28. Kh3 Rd2 29. Rc3 Rd1 30. Rc1 Rxc1 31. Qxc1 Qd4 32. Qe3 Qxe5 33. Bb1 Nf4+ 34. Kg3 Nh5+ 35. Kh3 Nf4+ 36. Kg3 Qxe3 37. fxe3 Nd5 38. e4 Nc3 39. Bd3 h5 40. Kf2 Kf6 41. Ke3 Nd1+ 42. Ke2 Nb2 43. Bb5 g5 44. hxg5+ Kxg5 45. Be8 f6 46. Bf7 e5 47. Kd2 h4 48. Be6 Kf4 49. Kc2 Kg3 50. Kxb2 h3 51. Bxh3 Kxh3 52. Kc3 Kg3 53. Kc4 Kxf3 54. Kd5 Ke3 55. b5 Kd3 56. a4 Ke3 57. Kc6 Kxe4 58. Kb7 Kd5 59. Kxa7 e4 60. a5 e3 61. Kxb6 e2 62. a6 e1Q 0-1

[Event "TUR-ch"]
[Site "Kemer"]
[Date "2011.02.06"]
[Round "2"]
[White "Erdogan, Hakan"]
[Black "Kartal, Koray"]
[Result "1-0"]
[WhiteElo "2234"]
[BlackElo "2022"]
[PlyCount "67"]
[EventDate "2011.02.05"]
[EventType "swiss"]
[EventRounds "10"]
[EventCountry "TUR"]
[SourceTitle "CBM 140 Extra"]
[Source "ChessBase"]
[SourceDate "2011.03.01"]
[SourceVersion "1"]
[SourceVersionDate "2011.03.01"]
[SourceQuality "1"]

1. d4 Nf6 2. c4 e6 3. Nc3 Bb4 4. e3 b6 5. Bd3 Bb7 6. Nge2 Bxg2 7. Rg1 Bf3 8. Rxg7 Nh5 9. Rg1 Qh4 10. Qc2 Nc6 11. Bd2 Nf6 12. 0-0-0 Bxc3 13. Bxc3 a5 14. Rg3 Be4 15. Nf4 Nb4 16. Bxb4 Bxd3 17. Qxd3 axb4 18. Kb1 Nh5 19. Qe4 d5 20. Qe5 Qf6 21. Nxh5 Qxe5 22. dxe5 dxc4 23. Nf6+ Kf8 24. Rg4 b5 25. Rd7 h5 26. Rf4 Kg7 27. Ne4 Kh6 28. Rdxf7 Rhg8 29. R4f6+ Rg6 30. Rxc7 b3 31. axb3 cxb3 32. h4 Rf8 33. Rxf8 Rg1+ 34. Rc1 1-0

[Event "LSS OP-2008-0-00615"]
[Site "LSS email"]
[Date "2008.08.29"]
[Round "?"]
[White "Kartal, Koray"]
[Black "Petidis, Kostas"]
[Result "1-0"]
[WhiteElo "800"]
[BlackElo "775"]
[PlyCount "75"]
[EventDate "2008.08.27"]
[EventType "tourn (corr)"]
[EventRounds "4"]
[EventCountry "GER"]
[SourceTitle "Corr 2011"]
[Source "ChessBase"]
[SourceDate "2010.08.31"]
[SourceVersion "1"]
[SourceVersionDate "2010.08.31"]
[SourceQuality "1"]

1. e4 e6 2. d4 d5 3. Nd2 c5 4. Ngf3 cxd4 5. exd5 Qxd5 6. Bc4 Qd8 7. Nb3 Nf6 8. Nbxd4 Be7 9. 0-0 0-0 10. Qe2 a6 11. Bf4 Qb6 12. Rfd1 Bd7 13. Ne5 Rd8 14. a4 Be8 15. a5 Qc5 16. Nb3 Qc8 17. h3 Nc6 18. c3 Nxe5 19. Bxe5 Qc6 20. Bd3 Rac8 21. Nd4 Qc5 22. b4 Qa7 23. Bc4 h6 24. Rd2 Bc6 25. Nxc6 Rxc6 26. Rxd8+ Bxd8 27. Rd1 Be7 28. Bb3 Rc8 29. Bxe6 fxe6 30. Bxf6 Re8 31. Qxe6+ Kh8 32. Qf7 Bxf6 33. Qxe8+ Kh7 34. Rd7 Bxc3 35. Qe4+ Kg8 36. Rd8+ Kf7 37. Qe8+ Kf6 38. Rd6+ 1-0